00309 2200133 4500001002100000005001500021035002000036245005100056100001400107300001100121260002100132082001000153990001200163INLIS00000000000226520250527025221 a0010-05250005571 aPanduan Belajar Kelas 3 SMU IA/IS /cPrimagama0 aPrimagama a46 hlm bPrimagama,c2003 a025.5 a0712723